[Event "GER-ch Net Amateur Gr-A Vor2"]
[Site "Playchess.com INT"]
[Date "2020.04.15"]
[Round "3"]
[White "Reimold, Dirk"]
[Black "Lippert, Daniel"]
[Result "1-0"]
[WhiteElo "1919"]
[BlackElo "1776"]
[PlyCount "97"]
[EventDate "2020.04.15"]
[EventType "swiss (blitz)"]
[EventRounds "9"]
[EventCountry "GER"]
[SourceTitle "CBM 196 Extra"]
[Source "ChessBase"]
[SourceDate "2020.07.31"]
[SourceVersion "1"]
[SourceVersionDate "2020.07.31"]
[SourceQuality "1"]

1. d4 Nf6 2. c4 e6 3. Nc3 Bb4 4. e3 b6 5. Nge2 Bb7 6. a3 Bxc3+ 7. Nxc3 0-0 8. f3 d5 9. cxd5 exd5 10. Bd3 c5 11. 0-0 Nc6 12. Qd2 cxd4 13. exd4 Nxd4 14. Bxh7+ Nxh7 15. Qxd4 Qf6 16. Rd1 Qxd4+ 17. Rxd4 Rfe8 18. Kf2 Nf8 19. Nxd5 Rad8 20. Ne7+ Kh7 21. Rxd8 Rxd8 22. Nf5 Rd1 23. Ne3 Rd7 24. b4 Ne6 25. Ra2 Bc6 26. Rd2 Rxd2+ 27. Bxd2 Kg6 28. Bc3 f6 29. g3 Kf7 30. Nf5 Ng5 31. Nd4 Bxf3 32. Nxf3 Ne4+ 33. Ke3 Nxc3 34. Kd3 Nb1 35. a4 Na3 36. Nd4 g6 37. h4 a6 38. g4 b5 39. a5 Nb1 40. Nc6 Na3 41. Nb8 Nc4 42. Nxa6 Ne5+ 43. Kc3 Nxg4 44. Nc7 f5 45. a6 f4 46. a7 f3 47. a8Q f2 48. Qf3+ Kg7 49. Nxb5 1-0

[Event "GER-ch Net Amateur Gr-A Vor1"]
[Site "Playchess.com INT"]
[Date "2020.04.14"]
[Round "2"]
[White "Perkampus, Laurin"]
[Black "Lippert, Daniel"]
[Result "1-0"]
[WhiteElo "1873"]
[BlackElo "1620"]
[PlyCount "34"]
[EventDate "2020.04.14"]
[EventType "swiss (blitz)"]
[EventRounds "9"]
[EventCountry "GER"]
[SourceTitle "EXT 2021"]
[Source "ChessBase"]
[SourceDate "2020.10.23"]
[SourceVersion "1"]
[SourceVersionDate "2020.10.23"]
[SourceQuality "1"]

1. d4 Nf6 2. c4 e6 3. Nc3 Bb4 4. Qc2 0-0 5. e4 d5 6. e5 Ne4 7. Bd3 f5 8. cxd5 exd5 9. Nge2 Be6 10. 0-0 Nd7 11. Nf4 Bxc3 12. Nxe6 Qe7 13. Nxf8 Bxd4 14. Nxd7 Qxd7 15. Bxe4 fxe4 16. Rd1 Bxe5 17. Qxe4 Qd6 1-0